000 00505nam a22001697a 4500
005 20251108175941.0
008 250721s2023 xx 000 0 ara d
082 1 4 _a150.1954/يون
100 1 _aيونغ، ك.غ.
245 1 0 _aعلم النفس و الظواهر الخفية /
264 1 _aاللاذقية :
_bدار الحوار للنشر و التوزيع،
_c2023.
300 _a235ص.
650 1 7 _aعلم النقس
650 1 7 _aمذهب يونغ
942 _2ddc
_cBK
999 _c146270
_d146270